000 00618nam a22001817a 4500
003 CBULib
005 20240422084005.0
008 240422b |||||||| |||| 00| 0 eng d
040 _aLC
_bCBUlib
_cCBUlib
_dCBUlib
_erda
050 _aUCTAD(06)IPR/2003/2
245 _aInvestment Policy Review -Lesotho
_c/by United Nations conference on Trade and Development
260 _aNew York
_bUnited Nations
_c2003
300 _ax,98Pages.;Illustrations
650 0 _92813
_aINVESTMENT POLICY REVIEW
650 0 _92889
_aINVESTMENT POLICY REVIEW - LESOTHO
650 0 _92735
_aFOREIGN DIRECT INVESTMENT
942 _2lcc
_c029
_n0
999 _c84950
_d84950